El que la hace la paga. (Registro nro. 437018)
[ vista simple ]
| 000 -LÍDER | |
|---|---|
| Campo fijo de descripción fija | 00646nam a22002177a 4500 |
| 003 - IDENTIFICADOR DEL NÚMERO DE CONTROL | |
| Campo de control | BCEG |
| 005 - FECHA Y HORA DE LA ULTIMA TRANSACCIÓN | |
| control field | 20260116122844.0 |
| 008 - ELEMENTOS DE LONGITUD FIJA -- INFORMACIÓN GENERAL | |
| Campo fijo de descripción fija -- Información general | 260116s1976 mx |||||||||||||||||spa d |
| 040 ## - FUENTE DE CATALOGACIÓN | |
| Agencia de catalogación original | BCEG |
| Idioma de catalogación | spa |
| Agencia que realiza la transcripción | BCEG |
| 082 04 - NÚMERO DE CLASIFICACIÓN DECIMAL DEWEY | |
| Número de clasificación | 809.3872 |
| Clave de autor-Numero de item | Q110q |
| 245 13 - TÍTULO PROPIAMENTE DICHO | |
| Título | El que la hace la paga. |
| 246 ## - FORMA VARIANTE DEL TITULO | |
| Título propiamente dicho/forma breve del título | Ocho detectives célebres. |
| 260 ## - PUBLICACIÓN, DISTRIBUCIÓN, ETC. (PIE DE IMPRENTA) | |
| Lugar de publicación, distribución, etc. | México : |
| Nombre del editor, distribuidor, etc. | Promotora de Ediciones y Publicaciones, |
| Fecha de publicación, distribución, etc. | 1976. |
| 300 ## - DESCRIPCIÓN FÍSICA | |
| Extensión | 182 p. |
| 490 ## - MENCIÓN DE SERIE | |
| Mención de serie | Lecturas para una Hora. |
| 500 ## - NOTA GENERAL | |
| Nota General | Ocho detectives célebres --En cubierta. |
| 541 ## - NOTA DE FUENTE INMEDIATA DE ADQUISICIÓN | |
| Nota de fuente de adquisición | Donación. |
| 650 14 - ASIENTO SECUNDARIO DE MATERIA - TERMINO TEMÁTICO | |
| Término temático o nombre geográfico como elemento de entrada | Cuentos policiacos y de misterio. |
| 700 1# - ASIENTO SECUNDARIO - NOMBRE PERSONAL | |
| Nombre personal | Leñero, Vicente, |
| Fechas asociadas con el nombre | 1933-2014, |
| Función o responsabilidad del autor | comp. |
| 942 ## - TIPO DE MATERIAL (KOHA) | |
| Tipo de Item KOHA | Libro |
| No para Préstamo | Colección | Biblioteca de Origen | Biblioteca Permanente | Fecha de Adquisición | Fuente de Adquisicion | Total de Préstamos | Signatura Topográfica | Código de Barras | Última vez visto | Tipo de Material |
|---|---|---|---|---|---|---|---|---|---|---|
| Material en Reserva | General | Biblioteca Central Estatal de Guanajuato, "Wigberto Jiménez Moreno" | Biblioteca Central Estatal de Guanajuato, "Wigberto Jiménez Moreno" | 16/01/2026 | DONAD | 809.3872 Q110q | BCEG8655230743 | 18/03/2026 | Libro |